Visita del Virrey Iturriagaray a la Universidad en 1803. (Record no. 142123)

MARC details
000 -LEADER
campo de control de longitud fija 00684nam a2200181 i 4500
001 - NÚMERO DE CONTROL
campo de control 142123
003 - IDENTIFICADOR DE NÚMERO DE CONTROL
campo de control ES-MaACL
005 - FECHA Y HORA DE LA ÚLTIMA TRANSACCIÓN
campo de control 20250815151156.0
007 - CAMPO FIJO DE DESCRIPCIÓN FÍSICA--INFORMACIÓN GENERAL
campo de control de longitud fija t|
008 - DATOS DE LONGITUD FIJA--INFORMACIÓN GENERAL
campo de control de longitud fija 071003s1943 mx ||||1| spa d
245 00 - MENCIÓN DEL TÍTULO
Título Visita del Virrey Iturriagaray a la Universidad en 1803.
260 ## - PUBLICACIÓN, DISTRIBUCIÓN, ETC.
Lugar de publicación, distribución, etc. México :
Nombre del editor, distribuidor, etc. Instituto de Investigaciones Estéticas,
Fecha de publicación, distribución, etc. 1943 (
Fabricante Imp. Universitaria)
300 ## - DESCRIPCIÓN FÍSICA
Extensión 46 p. :
Otras características físicas il. ;
Dimensiones 17 cm.
500 ## - NOTA GENERAL
Nota general Publícase en conmemoración del XXXIII aniversario del restablecimiento de la Universidad Nacional de México.
710 2# - ENTRADA AGREGADA--NOMBRE DE ENTIDAD CORPORATIVA
Nombre de entidad corporativa o nombre de jurisdicción como elemento de entrada Instituto de Investigaciones Estéticas (México)
9 (RLIN) 4970
852 ## - LOCALIZACIÓN
Ubicación ES-MaACL
Número de control de estantería 1627-F-12
Holdings
Estatus retirado Estado de pérdida Estado de daño No para préstamo Colección Biblioteca de origen Biblioteca actual Ubicación en estantería Fecha de adquisición Fuente de adquisición Total de préstamos Signatura topográfica completa Código de barras Visto por última vez Precio de reemplazo Tipo de ítem Koha
        Colección de folletos Biblioteca del Ateneo de Madrid Biblioteca del Ateneo de Madrid Depósito folletos 17/01/2008     1627-F-12 1147878 23/02/2023 23/02/2023 Folleto